000
00263nam a2200097Ia 4500
001
648251
005
20250826153718.0
008
250824s9999 xx 000 0 und d
245
0
_a
TALİHSİZ SER 1 KÖTÜ GÜNLER BAŞLARKEN
_c
LEMONY SNICKET
260
_b
DOĞAN EGMONT
999
_c
648251
_d
648251